| 000 | 00870nam a2200217 i 4500 | ||
|---|---|---|---|
| 001 | 187417 | ||
| 003 | SpMaBN | ||
| 005 | 20230906222922.0 | ||
| 008 | 170703s1971 sp ac |||| |dspa d | ||
| 080 | _a75 Gargallo, Pablo:061.43(460.27 M.)"1971" | ||
| 100 | 1 |
_aGargallo, Pablo. _9138281 |
|
| 245 | 1 | 0 |
_aGargallo, 1881-1934 _b: Museo Español de Arte Contemporáneo, Madrid, octubre-noviembre 1971 : [exposición]. |
| 260 |
_a[Madrid] : _bComisaría General de Exposiciones. Dirección General de Bellas Artes. Ministerio de Educación y Ciencia, _c1971. |
||
| 300 |
_a110 p. : _bil., retr. ; _c25 cm. |
||
| 600 | 1 | 7 |
_aGargallo, Pablo- _vExposiciones. _9138282 |
| 655 | 7 |
_2tgfbne _9193628 _aCatálogos de exposiciones |
|
| 710 | 2 |
_aMuseo Español de Arte Contemporáneo. _95876 |
|
| 852 |
_aES-MaACL _jL-31758 |
||
| 942 | _2udc | ||
| 999 |
_c187417 _d187417 |
||